| 000 | nam a22 7a 4500 | ||
|---|---|---|---|
| 999 |
_c97757 _d97756 |
||
| 005 | 20190807113125.0 | ||
| 008 | 190201b ||||| |||| 00| 0 eng d | ||
| 020 | _a9781785365966 | ||
| 080 |
_a314.15:364.69 _bMIG |
||
| 245 |
_aMigration health and survival _binternational perspectives |
||
| 260 |
_bEdward Elgar _aCheltenham _c2017 |
||
| 300 | _axv, 304p. | ||
| 653 | _aMigration | ||
| 653 | _aHealth welfare | ||
| 653 | _aMigrants - Mortality | ||
| 700 | _aTrovato, Frank Ed.by | ||
| 942 | _cBK | ||